शरलॉक होम्स के सर्वश्रेष्ठ कारनामे / (Record no. 27153)

MARC details
000 -LEADER
fixed length control field 01256nam a22002537a 4500
005 - DATE AND TIME OF LATEST TRANSACTION
control field 20090602160714.0
008 - FIXED-LENGTH DATA ELEMENTS--GENERAL INFORMATION
fixed length control field 081208t xxu||||| |||| 00| 0 hin d
010 ## - LCCN (DPL NO)
LC control number HIN-86777
020 ## - INTERNATIONAL STANDARD BOOK NUMBER
International Standard Book Number 99788190694711
Terms of availability 250.00
035 ## - SYSTEM CONTROL NUMBER
System control number HN-59123
037 ## - SOURCE OF ACQUISITION
Source of stock number/acquisition DBAD / PUB
040 ## - CATALOGING SOURCE
Original cataloging agency dpl
Language of cataloging hn
082 ## - DEWEY DECIMAL CLASSIFICATION NUMBER
Classification number
100 ## - MAIN ENTRY--PERSONAL NAME
Personal name गजेन्द्र सिंह
245 ## - TITLE STATEMENT
Title शरलॉक होम्स के सर्वश्रेष्ठ कारनामे /
Statement of responsibility, etc गजेन्द्र सिंह
246 ## - VARYING FORM OF TITLE
Title proper/short title Sharlock Homes ke sarvshrestha kaarnaame
Remainder of title by Gajendra Singh
260 ## - PUBLICATION, DISTRIBUTION, ETC. (IMPRINT)
Place of publication, distribution, etc लखनऊ
Name of publisher, distributor, etc दिव्यांश पब्लिकेशन्स
Date of publication, distribution, etc 2009
270 ## - ADDRESS
Address एम.आई.जी.222, फेज-1 एल.डीए. टिकैतराम कॉलोनी
City लखनऊ
Postal code 226017
Telephone number 09415185960
300 ## - PHYSICAL DESCRIPTION
Extent 190पृ.
Dimensions 22सेमी (सजिल्द)
650 ## - SUBJECT ADDED ENTRY--TOPICAL TERM
Topical term or geographic name as entry element लघु कथाएँ, अंग्रेजी
650 ## - SUBJECT ADDED ENTRY--TOPICAL TERM
Topical term or geographic name as entry element Short stories, English
942 ## - ADDED ENTRY ELEMENTS (KOHA)
Source of classification or shelving scheme Dewey Decimal Classification
Item type Hindi Books
Call number suffix गजेन्द्र
Classification part
Holdings
Withdrawn status Lost status Source of classification or shelving scheme Damaged status Not for loan Home library Current library Date acquired Source of acquisition Cost, normal purchase price Total Checkouts Full call number Barcode Date last seen Copy number Cost, replacement price Koha item type
    Dewey Decimal Classification   Not For Loan D.B.Act.Division D.B.Act.Division 02/06/2009 DBAD / PUB 250.00   क गजेन्द्र HN-59123 02/06/2009 1 250.00 Hindi Books

© Delhi Public Library
Hit Counter
free hit counter